| 000 | 00623nam a2200217 a 4500 | ||
|---|---|---|---|
| 001 | 000013877 | ||
| 005 | 20200929163401.0 | ||
| 008 | 091130s1990 cu 001 j spa d | ||
| 040 |
_aDO-SdBNP _bspa _cBNPHU |
||
| 082 |
_aCu863.4 _bI99c |
||
| 100 | 1 |
_aIznaga, Alcides, _d1910-1999 _931433 |
|
| 245 | 1 | 0 |
_aCuentos y narraciones / _cAlcides Iznaga. |
| 260 |
_aLa Habana : _bUnión, _c1990. |
||
| 300 |
_a150, [1] p. ; _c19 cm. |
||
| 490 | 1 | _aContemporáneos | |
| 650 | 4 |
_aCuentos cubanos _91482 |
|
| 650 | 4 |
_aNovela cuabana _931434 |
|
| 650 | 4 |
_aLiteratura cubana _91483 |
|
| 830 | 0 |
_aContemporáneos _96941 |
|
| 049 | _aBNGR | ||
| 999 |
_c13483 _d13483 |
||